|
|
|
|
| LEADER |
00000naa2a2200000 4500 |
| 001 |
108801 |
| 005 |
20231031115825.0 |
| 035 |
|
|
|a (RuTPU)RU\TPU\book\117453
|
| 090 |
|
|
|a 108801
|
| 100 |
|
|
|a 20070126d2006 k y0rusy50 ca
|
| 101 |
0 |
|
|a rus
|
| 102 |
|
|
|a RU
|
| 200 |
1 |
|
|a Исследование эффективности позиций промежуточного хранения в роботизированных комплексах
|f С. В. Галайда, В. Н. Шкляр
|
| 320 |
|
|
|a Библиогр.: 1 назв.
|
| 463 |
|
0 |
|0 (RuTPU)RU\TPU\book\108762
|t Молодежь и современные информационные технологии
|o сборник трудов IV Всероссийской научно-практической конференции студентов, аспирантов и молодых ученых, г. Томск, 28 февраля - 2 марта 2006 г.
|f Томский политехнический университет; Молодежь и современные информационные технологии
|v С. 244-245
|d 2006
|p 418 с.
|
| 610 |
1 |
|
|a роботизированные комплексы
|
| 610 |
1 |
|
|a хранение
|
| 610 |
1 |
|
|a промежуточное хранение
|
| 610 |
1 |
|
|a эффективность
|
| 610 |
1 |
|
|a штамповка
|
| 610 |
1 |
|
|a труды учёных ТПУ
|
| 700 |
|
1 |
|a Галайда
|b С. В.
|
| 701 |
|
1 |
|a Шкляр
|b В. Н.
|
| 801 |
|
1 |
|a RU
|b 63413507
|c 20070126
|g PSBO
|
| 942 |
|
|
|c BK
|